Ekologický rozvoj cieľových miest

Bibliographic Details
Main Author: Günter, Kai (Author)
Format: Article
Language:Slovak
Subjects:

MARC

LEADER 00000nab a2200000 a 4500
001 vtls000832182
003 SK-MaSNL
005 20260304113312.0
008 250429c2003 xo 0 slo
015 |a SNBRB2003/04-12111 
035 |a CLN000183837 
035 |a urn:nbn:sk:snk-ab9pll 
035 |a (urnnbn)urn:nbn:sk:snk:ar-a08nv7 
035 |a (uuid)677168fd-0a20-4107-9105-0e065c0bbc78 
040 |a SNKBUCL  |b slo  |c SNKBUCL  |e AACR2 
041 0 |a slo 
044 |a xo  |c SK 
080 |a 338.48:504.06  |2 1997 
100 1 |a Günter, Kai  |4 aut  |9 1416435 
245 1 0 |a Ekologický rozvoj cieľových miest  |c Kai Günter 
504 |a Res. angl., nem. 
504 |a Bibliogr. odkazy 
650 0 7 |a ruch cestovný ekologický  |x miesta cieľové  |x správanie ekologické  |2 snkbucl  |9 1416436 
655 7 |a články z novín a časopisov  |2 snkbucl  |9 267496 
773 0 |t Ekonomická revue cestovného ruchu  |g Roč. 36, č. 1 (2003), s. 19-32  |x 0139-8660 
850 |a Slovenská národná knižnica 
852 |a Slovenská národná knižnica 
954 |a odborná, vedecká literatúra pôvodná (slovenská)  |2 lita 
958 |a article13 
958 |a OND 
958 |a NB 
958 |a EUIPO 
992 |a RBX 
999 |c 2868898  |d 2870828